000 00820nam a2200253Ia 4500
003 OSt
005 20220923230456.0
006 a|||||r|||| 00| 0
007 ta
008 Pun
020 _c350
024 _a282,376
037 _b861, 12/08/2014, H.K. Prakashan
_cTextual
040 _aARTS
_cARTS
_bPun
041 _2Pun
_aPun
082 _aO58,3N28,BA, P4
100 _aਕ਼ਾਦਿਰੋਵ, ਪਿਰਿਮਕ਼ੁਲ
_9156299
245 0 _aਬਾਬਰ
260 _aਨਵੀ੍ਵ ਦਿੱਲੀ
_b ਪੀਪਲਗ਼ ਪਬਲਿFਿੰਗ
_c2004
300 _a440ਪੰ
_ccm.
650 _aਪੰਜਾਬੀ ਸਾਹਿਤ
942 _hO58,3N28,BA, P4
_cTEXL
_2CC
999 _c385092
_d385092